Statistiche per Giocatori italiani nell'Hall of Fame del calcio italiano

Clicka qui per fare il quiz!

Statistiche generali

  • Questo quiz è stato fatto 188 volte
  • Il punteggio medio è 9 su 11

Statistiche sulle risposte

AnnoSquadreCalciatore% Corretto
2011L.R. Vicenza / Fiorentina / Juventus / Milan / Bologna / Inter / BresciaRoberto Baggio
97%
2012MilanPaolo Maldini
95%
2018RomaFrancesco Totti
93%
2019Brescia / Inter / Reggina / Milan / Juventus / New York CityAndrea Pirlo
90%
2017Padova / Juventus / Sydney FC / Delhi DynamosAlessandro Del Piero
89%
2014Napoli / Parma / Inter / Juventus / Real Madrid / Al-AhliFabio Cannavaro
82%
2021Lazio / Milan / Montréal Impact / ChennaiyinAlessandro Nesta
77%
2013MilanFranco Baresi
75%
2022Nuorese / Torres / Napoli / Parma / Chelsea / CagliariGianfranco Zola
72%
2015Cremonese / Sampdoria / Juventus / ChelseaGianluca Vialli
68%
2016InterGiuseppe Bergomi
39%

Distribuzione punteggi

Percentile per numero di risposta

Percentuale di utenti per punteggio

I tuoi punteggi nel tempo

Non hai fatto questo quiz